LEADER 01492nam a2200265 a 4500 001 000000148090 003 CaOOAMICUS 005 20151211130102.0 008 151211s2015 it m 001 0 por r 032 $aLibriCat 040 $aPUL$bita 100 1 $aGuerra De Oliveira Junior, Antônio.$0(OLS)http://pul/name/94589 245 12$aA Coração e outras condutas ilícitas na difusão da fé católica : o dever de pregar o evangelho a todos os povos (C. 747,?1) e o respeito à libertade religiosa (C. 748,?2) :$buma aparente contradição /$cAntônio Guerra de Oliveira Junior. 260 $aRoma :$b[s.n.],$c2015. 300 $a191 p.$c24 cm 502 $aTesi di Dottorato -- Pontificia Universitas Lateranensis. Facultas Iuris Canonici, 2015. 504 $aFonti e bibliografia: p. [179]-191. 650 4$aEvangelizzazione$xStudi.$0(OLS)http://pul/subject/39303 710 2 $aPontificia Università Lateranense.$bFacoltà di diritto canonico.$kTesi.$0(OLS)http://pul/name/81682 850 $aPUL 852 $aPUL$W1$xDP1 Tesi Pon Univ. Lateranense$y41$m2015 C 24$j170866$qTesi$B171921$CPULBib$Z2$F171921 $82 941 1 $a16 996 $6245$aA Coração e outras condutas ilícitas na difusão da fé católica : o dever de pregar o evangelho a todos os povos (C. 747,?1) e o respeito à libertade religiosa (C. 748,?2) :$buma aparente contradição$9(OLS)http://pul/title/186860 996 $6260$aRoma :$b[s.n.]$9(OLS)http://pul/publisher/47958 LEADER 01811nam a2200373 a 4500 001 000000167690 003 CaOOAMICUS 005 20250929173952.0 008 180517s2017 it u000 u ita r 020 $a978-88-213-1290-8* 032 $aLibriCat 040 $aPUL$bita 100 1 $aSala, Rossano.$0(OLS)http://pul/name/82915 245 10$aEvangelizzazione e educazione dei giovani :$bun percorso teorico-pratico /$cRossano Sala ; con A Bozzolo, R. Carelli e P. Zini ; prefazione di Giuseppe Mari ; postfazione di Salvatore Currò. 260 $aRoma :$bLAS,$c©2017. 300 $a448 p. ;$c24 cm. 490 1 $aNuova biblioteca di scienze religiose ;$v53 500 $aPrecede il titolo: Pastorale giovanile 1. 504 $aBibliografia in nota. 650 4$aEvangelizzazione.$0(OLS)http://pul/subject/1355 700 1 $aZini, Paolo,$cS.DB.,$d1966-$0(OLS)http://pul/name/70199 700 1 $aMari, Giuseppe.$0(OLS)http://pul/name/114604 700 1 $aCarelli, Roberto,$cs.d.b.,$d1963-$0(OLS)http://pul/name/64754 700 1 $aCurrò, Salvatore.$0(OLS)http://pul/name/44205 700 1 $aBozzolo, Andrea.$0(OLS)http://pul/name/34819 830 0$aNuova biblioteca di scienze religiose ;$v53.$0(OLS)http://pul/title/135290 850 $aPUL 852 $aPUL$W1$xSL Religione 2$y84$mTheol A3 200.53$j191463$qStampati Altre Collocazioni$B195337$CPULBib$Z2$F195337 $H130795 $81 941 1 $a10 983 0$aBiblioteca di scienze religiose (Libreria Ateneo salesiano) 996 $6020$a978-88-213-1290-8*$9(OLS)http://pul/number/164046 996 $6245$aEvangelizzazione e educazione dei giovani :$bun percorso teorico-pratico$9(OLS)http://pul/title/207789 996 $6260$aRoma :$bLAS$9(OLS)http://pul/publisher/48069